000 00392nam a2200169Ia 4500
001 25471
003 IN-NITTTR
005 20251114233323.0
008 251113s9999||||xx |||||||||||||| ||eng||
040 _beng
040 _cIN-NITTTR
041 _aeng
082 _a006.33 W31G
100 _aWaterman, Donald A
245 2 _aA guide to expert system /
_cWaterman,Donald A
942 _2ddc
_cBK
999 _c28100
_d28100